| 000 | 00461nab a2200145Ia 4500 | ||
|---|---|---|---|
| 003 | ES-SlBCS | ||
| 005 | 20210601130010.0 | ||
| 008 | 140529s1995 xxu||||| |||| 00| 0 fre d | ||
| 041 | _afre | ||
| 100 | 1 |
_aPequignot, Henri _9166969 |
|
| 245 | 0 | 0 |
_aD'où vient la médecine, où la mène-t-on? _c Henri Pequignot |
| 650 | 0 | 4 |
_aMedicina _914377 |
| 773 | 0 |
_tBulletin de la Societe Française de Philosopie _gvol. 89, nº. 2, 1995, págs. 33-60 _wRev1601 |
|
| 942 | _cAR | ||
| 999 |
_c539345 _d539345 |
||